000 00251nam a2200097Ia 4500
008 231212s1992 xx 000 0 und d
041 _aeng
100 _aTaub Herbert
245 _aPrinciples of Communication System
260 _aNew Delhi
_bTata Mc
_c1992
999 _c963201
_d963201